Score 0/20 Timer 03:00
1 Play Today
Jumble Word % Correct
HRSOEHorse, Shore
98.7%
JMUPSJumps
94.6%
STREETrees, Reset, Ester, Terse, Steer
94.4%
TGIANGiant
93.9%
DATEHHated, Death
93.4%
YZRCACrazy
92.8%
BUMCRCrumb
91.8%
NNYPEPenny
91.1%
SRITETires, Rites, Tiers, Tries
90.5%
ERHATHeart, Hater, Earth
89.5%
Jumble Word % Correct
SHFIYFishy
88.6%
RREMYMerry
88.5%
MPUSTStump
87.3%
TERLALater, Alert, Alter
84.8%
BORTORobot
76.9%
BIARDRabid, Braid
75.1%
CALILLilac
74.7%
KIBREBiker
72.9%
BIRABRabbi
67.1%
GOENMGnome
61.4%
Remove Ads.
Support Sporcle.
Get the best of Sporcle when you Go Orange. This ad-free experience offers more features, more stats, and more fun while also helping to support Sporcle. Thank you for becoming a member.

You're not logged in!

Compare scores with friends on all Sporcle quizzes.
OR
Log In

Show Comments

Extras

Top Quizzes Today


Score Distribution

Your Account Isn't Verified!

In order to create a playlist on Sporcle, you need to verify the email address you used during registration. Go to your Sporcle Settings to finish the process.

Report this User

Report this user for behavior that violates our Community Guidelines.

Details: